LEADER 01070nam a2200277 a 4500 001 000000128634 003 CaOOAMICUS 005 20120427144616.0 008 120427s2011 it u000 u ita r 020 $a978-88-13-31705-8 040 $aPUL$bita 082 04$a342.45 100 1 $aBilancia, Francesco.$0(OLS)http://pul/name/35201 245 00$aCorso di diritto costituzionale /$cFrancesco Bilancia. 250 $a2. ed. 260 $aPadova :$bCEDAM,$c2011. 300 $aXVIII, 485 p. ;$c24 cm 650 4$aDiritto costituzionale$zItalia$vManuali.$0(OLS)http://pul/subject/21498 850 $aPUL 852 $aPUL$W1$xSL Diritto e Scienze Sociali 3$y79$m342. 45 BILFR 1$j148997$qDDC 21$B147511$CPULBib$Z2$F147511 $H119620 $82 941 1 $a9 996 $6020$a978-88-13-31705-8$9(OLS)http://pul/number/149565 996 $6082$a342.45$9(OLS)http://pul/classification/377 996 $6245$aCorso di diritto costituzionale$9(OLS)http://pul/title/51371 996 $6260$aPadova :$bCEDAM$9(OLS)http://pul/publisher/48126 LEADER 01310nam a2200301 a 4500 001 000000133664 003 CaOOAMICUS 005 20130424100823.0 008 130424s2007 gw 000 u ger r 020 $a978-3-629-02178-6 040 $aPUL$bita 082 04$a211 100 1 $aSpaemann, Robert,$d1927-$0(OLS)http://pul/name/15909 245 14$aDer letzte Gottesbeweis /$cRobert Spaemann ; mit einer Einführung in die grossen Gottesbeweise und einem Kommentar zum Gottesbeweis Robert Spaemanns von Rolf Schönberger. 260 $aMünchen :$bPattloch,$c©2007. 300 $a127 p. ;$c20 cm. 504 $aInclude referenze bibliografiche. 650 4$aDio (filosofia).$0(OLS)http://pul/subject/404 650 4$aFilosofia e religione$ySec. XX.$0(OLS)http://pul/subject/27722 700 1 $aSchönberger, Rolf.$0(OLS)http://pul/name/76433 850 $aPUL 852 $aPUL$W1$xSL Religione 3$y85$m211 SPARO 2$j153633$qDDC 21$B153197$CPULBib$Z2$F153197 $H122190 $82 941 1 $a9 996 $6020$a978-3-629-02178-6$9(OLS)http://pul/number/152526 996 $6082$a211$9(OLS)http://pul/classification/2257 996 $6245$aDer letzte Gottesbeweis$9(OLS)http://pul/title/168955 996 $6260$aMünchen :$bPattloch$9(OLS)http://pul/publisher/82329